Kleinste Länder mit mindestens einer Landesgrenze - Statistiken

Allgemein
  • Dieses Quiz wurde 63 mal gespielt
  • Das Durchschnittsergebnis liegt bei 14 aus 20
Antwortstatistiken
km^2 Grenzen Land % Korrekt
0.44 1 Vatikanstadt
98%
160 2 Liechtenstein
96%
2,586 3 Luxemburg
94%
2.02 1 Monaco
94%
61 1 San Marino
93%
468 2 Andorra
89%
11,586 1 Katar
80%
17,818 2 Kuwait
74%
22,966 2 Belize
70%
5,765 1 Brunei
67%
10,887 4 Kosovo
67%
17,364 2 Eswatini
65%
14,919 1 Osttimor
63%
21,041 2 El Salvador
61%
23,200 3 Dschibuti
56%
11,295 1 Gambia
56%
10,452 2 Libanon
54%
20,770 4 Israel
52%
13,812 5 Montenegro
52%
20,273 4 Slowenien
33%
Keine übereinstimmenden Quizze gefunden
Verteilung der Resultate
Anzahl Personen mit jedem Resultat
Perzentil nach korrekt beantworteten Fragen
Ihre Resultats-Entwicklung
Sie haben dieses Quiz noch nicht gespielt